| 000 | 00572nam a2200193 i 4500 | ||
|---|---|---|---|
| 001 | 121386 | ||
| 003 | ES-MaACL | ||
| 005 | 20250918063032.0 | ||
| 007 | t| | ||
| 008 | 070214s1962 sp r ||||1| fre d | ||
| 100 | 1 |
_aMolière, _d1622-1673 _981873 |
|
| 245 | 1 | 4 |
_aLes precienses ridicules _b: comédie : (1659) / _cMolière ; texto anotado por Juan Rauter. |
| 250 | _a2ª. ed. | ||
| 260 |
_aBarcelona : _bRauter, _c1962. |
||
| 300 |
_a35 p. ; _c17 cm. |
||
| 700 | 1 |
_aRauter, Juan. _995559 |
|
| 852 |
_aES-MaACL _jG-13671 _bR.53844 |
||
| 999 |
_c121386 _d121386 |
||